书目信息 |
| 题名: |
笑话
|
|
| 作者: | 张小林 主编 | |
| 分册: | ||
| 出版信息: | 重庆 重庆出版社 2002.09 |
|
| 页数: | 250-500页 | |
| 开本: | 21cm | |
| 丛书名: | 华夏经典故事丛书 | |
| 单 册: | ||
| 中图分类: | I276.8 | |
| 科图分类: | ||
| 主题词: | 笑话--中国--古代--选集 | |
| 电子资源: | ||
| ISBN: | 7-5366-5465-0 | |
| 000 | 00640nam2 2200229 45 | |
| 001 | 012004000000 | |
| 005 | 20041011093811.32 | |
| 010 | @a7-5366-5465-0@dCNY 18.40 | |
| 100 | @a20040714e2002 em y0chiy0121 ea | |
| 101 | 0 | @achi |
| 102 | @aCN@b500000 | |
| 105 | @aaf z 000dy | |
| 200 | 1 | @a笑话@Axiao hua@f张小林主编 |
| 210 | @a重庆@c重庆出版社@d2002.09@h2004重印 | |
| 215 | @a250-500页@c图@d21cm | |
| 225 | 2 | @a华夏经典故事丛书 |
| 410 | 0 | @12001 @a华夏经典故事丛书 |
| 606 | 0 | @a笑话@y中国@z古代@j选集 |
| 690 | @aI276.8@v4 | |
| 701 | 0 | @a张小林@Azhang xiao lin@4主编 |
| 801 | 0 | @aCN@bQSSKw@c20041011 |
| 905 | @a10447@dI276.8@eZ210:2 | |
| 笑话/张小林主编.-重庆:重庆出版社,2002.09(2004重印) |
| 250-500页:图;21cm.-(华夏经典故事丛书) |
| ISBN 7-5366-5465-0:CNY 18.40 |
| ● |
| 相关链接 |
|
|
|
正题名:笑话
索取号:I276.8/Z210:2
 
预约/预借
| 序号 | 登录号 | 条形码 | 馆藏地/架位号 | 状态 | 备注 |
| 1 | 398847 | 203988471 | 文学库116/ [索取号:I276.8/Z210:2] | 在馆 | |
| 2 | 398848 | 203988480 | 文学库116/ [索取号:I276.8/Z210:2] | 在馆 | |
| 3 | 398849 | 203988499 | 文学库116/116文学库 12排5列1层/ [索取号:I276.8/Z210:2] | 在馆 |